[Event "World Cities Team GpD"]
[Site "Al-Ain UAE"]
[Date "2012.12.24"]
[Round "3.7"]
[White "Nevednichy, Vladislav"]
[Black "Mamedov, Rauf"]
[Result "1/2-1/2"]
[WhiteTitle "GM"]
[BlackTitle "GM"]
[WhiteElo "2545"]
[BlackElo "2647"]
[WhiteTeam "Timisoara"]
[BlackTeam "Baku"]
[WhiteFideId "1205730"]
[BlackFideId "13401653"]
[EventDate "2012.12.22"]

1. e4 c5 2. c3 Nf6 3. e5 Nd5 4. d4 cxd4 5. Nf3 Nc6 6. cxd4 d6 7. Bc4 Nb6 8. Bb5
dxe5 9. Nxe5 Bd7 10. Nxd7 Qxd7 11. O-O e6 12. Nc3 Be7 13. Qg4 O-O 14. Bxc6 bxc6
15. Bh6 Bf6 16. Rfd1 Kh8 17. Ne4 Qd8 18. Bf4 Be7 19. Qg3 Nd5 20. Bd6 Bxd6 21.
Nxd6 Qc7 22. Rac1 Rfd8 23. Nc4 Rac8 24. Ne5 Qb7 25. b3 Kg8 26. Qf3 Rc7 27. Rc4
Rd6 28. h4 Qc8 29. h5 f6 30. Ng4 Kh8 31. Nh2 Qd8 32. Rdc1 h6 33. Nf1 Qd7 34. Ng3
f5 35. Ne2 Kh7 36. Qg3 Qd8 37. Re1 Rcd7 38. Rec1 Rc7 39. b4 a6 40. a3 Nb6 41.
R4c2 Nd5 42. Rc5 Kg8 43. Qe5 Nf6 44. f3 Nd5 45. R5c4 Nb6 46. R4c2 Nd5 47. Rc5
Kh7 48. Qg3 Kg8 49. Kf2 Kh8 50. R5c2 Kg8 51. Kg1 Kh8 52. Qe5 Kh7 53. Rc5 Qd7 54.
Ra5 Ra7 55. Rac5 Rc7 56. Re1 Qd8 57. Qg3 Kg8 58. Ra5 Ra7 59. Qe5 Kh7 60. Rc5
Rad7 61. Rec1 Rc7 62. R5c4 Nb6 63. Rc5 Nd5 1/2-1/2

[Event "World Cities Team GpD"]
[Site "Al-Ain UAE"]
[Date "2012.12.24"]
[Round "3.8"]
[White "Mamedov, Nidjat"]
[Black "Manolache, Marius"]
[Result "1-0"]
[WhiteTitle "GM"]
[BlackTitle "GM"]
[WhiteElo "2602"]
[BlackElo "2541"]
[WhiteTeam "Baku"]
[BlackTeam "Timisoara"]
[WhiteFideId "13400819"]
[BlackFideId "1201530"]
[EventDate "2012.12.22"]

1. e4 c5 2. Nf3 e6 3. d4 cxd4 4. Nxd4 a6 5. Bd3 Bc5 6. Nb3 Be7 7. Qg4 g6 8. Qe2
d6 9. O-O Nc6 10. Nc3 Nf6 11. Bh6 Bf8 12. Qd2 Bxh6 13. Qxh6 Bd7 14. Rad1 Ne5 15.
Be2 Qb6 16. Qh4 Ke7 17. Rd4 Rhg8 18. Rfd1 g5 19. Qg3 Ne8 20. Rxd6 Nxd6 21. Qxe5
Kf8 22. Rxd6 Bc6 23. Rxe6 Re8 24. Qd6+ Kg7 25. Rxe8 Rxe8 26. Nd4 Qd8 27. Qxd8
Rxd8 28. Nxc6 bxc6 29. Bxa6 Rb8 30. b3 Kf6 31. Kf1 Ke5 32. Ke2 Kd4 33. Kd2 g4
34. Bd3 Rg8 35. Ne2+ Kc5 36. Ke3 1-0

[Event "World Cities Team GpE"]
[Site "Al-Ain UAE"]
[Date "2012.12.24"]
[Round "3.1"]
[White "Ghaem Maghami, Ehsan"]
[Black "Ssegwanyi, Arthur"]
[Result "1/2-1/2"]
[WhiteTitle "GM"]
[WhiteElo "2572"]
[BlackElo "2222"]
[WhiteTeam "Tehran"]
[BlackTeam "Kampala"]
[WhiteFideId "12500739"]
[BlackFideId "10000100"]
[EventDate "2012.12.22"]

1. d4 Nf6 2. c4 e6 3. Nf3 Bb4+ 4. Nbd2 O-O 5. a3 Be7 6. e4 d5 7. e5 Ne4 8. Qc2
Ng5 9. h4 Nxf3+ 10. Nxf3 h6 11. Be3 Nc6 12. Rd1 a6 13. Bd3 Bd7 14. Ng5 Kh8 15.
Be2 g6 16. Nh3 Kg7 17. Qd2 Rh8 18. h5 Bf8 19. hxg6 fxg6 20. Nf4 Ne7 21. g4 Qe8
22. Rh3 Kg8 23. f3 Bg7 24. Rc1 Rc8 25. cxd5 exd5 26. Qa5 Bc6 27. Kf2 Qf7 28.
Rch1 Bd7 29. Ke1 c5 30. dxc5 Nc6 31. Qd2 d4 32. Bxd4 Rd8 33. Qe3 Be6 34. Bc3 g5
35. Nxe6 Qxe6 36. Qe4 Nxe5 37. Kf2 Qc6 38. Bc4+ Nxc4 39. Qxc4+ Qd5 40. Qxd5+
Rxd5 41. Rc1 Bxc3 42. Rxc3 Rd2+ 43. Kg3 Rxb2 44. c6 Kg7 45. cxb7 Rxb7 46. Rc6
Rb3 47. Rxa6 Rf8 48. Kf2 Rb2+ 49. Ke3 Rb3+ 50. Kf2 Rb2+ 51. Ke3 Rb3+ 52. Ke2
Rb2+ 53. Kd3 Rb3+ 54. Kc4 Rfxf3 55. Rhxh6 Rbc3+ 56. Kd4 Rcd3+ 57. Kc4 Rc3+ 58.
Kb4 Rb3+ 1/2-1/2

[Event "World Cities Team GpE"]
[Site "Al-Ain UAE"]
[Date "2012.12.24"]
[Round "3.2"]
[White "Kawuma, Patrick"]
[Black "Golizadeh, Asghar"]
[Result "0-1"]
[WhiteTitle "CM"]
[BlackTitle "GM"]
[WhiteElo "2245"]
[BlackElo "2476"]
[WhiteTeam "Kampala"]
[BlackTeam "Tehran"]
[WhiteFideId "10000127"]
[BlackFideId "12505269"]
[EventDate "2012.12.22"]

1. c4 c5 2. Nf3 Nc6 3. Nc3 g6 4. g3 Bg7 5. Bg2 d6 6. Rb1 e5 7. O-O Nge7 8. a3 a5
9. Ne1 Be6 10. Nd5 Rb8 11. d3 O-O 12. Nc2 b5 13. b3 Qd7 14. Bd2 a4 15. b4 Bxd5
16. cxd5 Nd4 17. e3 Nb3 18. Bc3 Rbc8 19. Na1 c4 20. dxc4 bxc4 21. Qe2 f5 22.
Rbd1 Rc7 23. Bh3 Nc8 24. Nc2 Na7 25. Be1 Nb5 26. Kh1 Qe7 27. Rg1 e4 28. g4 f4
29. exf4 Rxf4 30. Bg2 Qe5 31. Qe3 Rxg4 32. Qb6 Qf4 33. Qb8+ Kf7 34. Ne3 Rh4 35.
h3 Be5 36. Nf1 Qg4 37. f4 Rxh3+ 38. Bxh3 Qxh3+ 39. Nh2 Bd4 40. Rg3 Qh5 41. Rg4
Qxd5 42. Rg5 Qb7 43. Rxb5 Qxb8 44. Rxb8 c3 45. Bxc3 Rxc3 46. b5 e3 47. Ra8 Nc5
48. b6 Rb3 49. b7 e2 50. Re1 Rxb7 51. Rxe2 Ne6 52. Rd2 Be3 53. Rxd6 Bxf4 54. Rd1
Rb3 55. Rd7+ Kf6 56. Rxh7 Rxa3 57. Nf1 Ra2 58. Rha7 Nc5 59. Rf8+ Ke5 60. Ra5 Rc2
61. Rc8 Kd6 62. Rxa4 g5 63. Ra3 Kd7 64. Rf8 Ne4 65. Rd3+ 0-1

[Event "World Cities Team GpE"]
[Site "Al-Ain UAE"]
[Date "2012.12.24"]
[Round "3.3"]
[White "Mahjoob, Morteza"]
[Black "Wanyama, Harold"]
[Result "1-0"]
[WhiteTitle "GM"]
[BlackTitle "FM"]
[WhiteElo "2426"]
[BlackElo "2252"]
[WhiteTeam "Tehran"]
[BlackTeam "Kampala"]
[WhiteFideId "12500798"]
[BlackFideId "10000380"]
[EventDate "2012.12.22"]

1. e4 c6 2. d4 d5 3. exd5 cxd5 4. c4 Nf6 5. Nc3 e6 6. Nf3 Be7 7. cxd5 Nxd5 8.
Bd3 O-O 9. O-O Nc6 10. Re1 Nxc3 11. bxc3 b6 12. h4 Bxh4 13. d5 Na5 14. Nxh4 Qxh4
15. Re5 Qf6 16. Qe2 g6 17. Bh6 exd5 18. Bxf8 Kxf8 19. Re8+ Kg7 20. Qb2 Bb7 21.
Rae1 Rxe8 22. Rxe8 Bc6 23. Re1 h5 24. Qb4 Bd7 25. Qe7 Qxc3 26. Re3 Qa1+ 27. Kh2
Bg4 28. f3 Bc8 29. Bxg6 Kxg6 30. Re5 Bf5 31. f4 Be6 32. Rg5+ Kh6 33. Qf8+ Kh7
34. Qg8+ Kh6 35. Rxh5+ 1-0

[Event "World Cities Team GpE"]
[Site "Al-Ain UAE"]
[Date "2012.12.24"]
[Round "3.4"]
[White "Bibasa, Bob"]
[Black "Javanbakht, Nima"]
[Result "0-1"]
[WhiteTitle "CM"]
[BlackTitle "FM"]
[WhiteElo "2218"]
[BlackElo "2406"]
[WhiteTeam "Kampala"]
[BlackTeam "Tehran"]
[WhiteFideId "10000240"]
[BlackFideId "12510670"]
[EventDate "2012.12.22"]

1. e4 c5 2. Nf3 Nc6 3. Bb5 g6 4. O-O Bg7 5. Re1 Nf6 6. e5 Nd5 7. Nc3 Nc7 8. a4
O-O 9. d3 Ne6 10. Bxc6 dxc6 11. a5 Qc7 12. h3 Rd8 13. Bd2 Nd4 14. Bf4 Be6 15.
Bg3 c4 16. Nxd4 Rxd4 17. Ne2 Rd7 18. Nf4 cxd3 19. Nxe6 fxe6 20. cxd3 Rd5 21. Qg4
Qd7 22. h4 Rf8 23. h5 Rf5 24. hxg6 h5 25. Qb4 Rd4 26. Qc5 h4 27. Bh2 Rg5 28. Kh1
h3 29. gxh3 b6 30. axb6 axb6 31. Qc2 Qd5+ 32. Re4 Rxd3 33. Qe2 Rd2 34. Qc4 Rd1+ 0-1

[Event "World Cities Team GpF"]
[Site "Al-Ain UAE"]
[Date "2012.12.24"]
[Round "3.2"]
[White "Ji, Dan"]
[Black "Sokolov, Ivan"]
[Result "1/2-1/2"]
[BlackTitle "GM"]
[WhiteElo "2341"]
[BlackElo "2667"]
[WhiteTeam "Wu Xi"]
[BlackTeam "Hoogeveen"]
[WhiteFideId "8601887"]
[BlackFideId "14400030"]
[EventDate "2012.12.22"]

1. e4 e5 2. f4 exf4 3. Nf3 Nf6 4. Nc3 d5 5. exd5 Nxd5 6. Qe2+ Be7 7. Nxd5 Qxd5
8. d4 Bg4 9. Qb5+ Qxb5 10. Bxb5+ c6 11. Bd3 Bxf3 12. gxf3 Bd6 13. Bd2 O-O 14.
O-O-O Nd7 15. c4 Rfd8 16. Rhe1 Nf8 17. Bc3 Re8 18. c5 Bc7 19. Bc4 Nd7 20. d5
Nxc5 21. dxc6 bxc6 22. b4 Rxe1 23. Rxe1 Ne6 24. Bxe6 fxe6 25. Rxe6 Bb6 26. Re7
Kf8 27. Rd7 a5 28. bxa5 Bxa5 29. Bxg7+ Ke8 30. Rb7 Bd8 31. Be5 Rxa2 32. Rxh7 Rf2
33. Bxf4 Rxf3 34. Bd6 c5 35. Kc2 c4 36. Bb4 Bf6 37. Rc7 Rf4 38. Be1 Re4 39. Bd2
Rh4 40. h3 Re4 41. Bb4 Bd8 42. Rg7 Re2+ 43. Kd1 Re3 44. Rg4 c3 45. Kc2 Bf6 46.
Rc4 Rxh3 47. Bxc3 Rxc3+ 48. Rxc3 Bxc3 1/2-1/2

[Event "World Cities Team GpF"]
[Site "Al-Ain UAE"]
[Date "2012.12.24"]
[Round "3.3"]
[White "Tiviakov, Sergei"]
[Black "Li, Wenliang"]
[Result "1/2-1/2"]
[WhiteTitle "GM"]
[BlackTitle "IM"]
[WhiteElo "2663"]
[BlackElo "2424"]
[WhiteTeam "Hoogeveen"]
[BlackTeam "Wu Xi"]
[WhiteFideId "1008013"]
[BlackFideId "8600490"]
[EventDate "2012.12.22"]

1. e4 c6 2. d3 d5 3. Nd2 g6 4. Ngf3 Bg7 5. d4 Nf6 6. Bd3 dxe4 7. Nxe4 Nxe4 8.
Bxe4 O-O 9. O-O Bg4 10. c3 Nd7 11. h3 Bxf3 12. Bxf3 Qb6 13. Qb3 Rfe8 14. Be3 Qc7
15. Rad1 e6 16. c4 Rad8 17. Qa3 Nb6 18. b3 Rd7 19. Rd2 Bf6 20. Rfd1 Red8 21. g3
Qb8 22. Kg2 Kg7 23. h4 h5 24. Qa5 Kh7 25. Be4 Kg7 26. Bf4 Qa8 27. Be5 Bxe5 28.
Qxe5+ f6 29. Qa5 Qb8 30. Bf3 Qc7 31. Qc3 Re8 32. Re1 Qd8 33. Rdd1 Nc8 34. c5 Rf7
35. Qc4 Qd7 36. b4 a6 37. Re3 Rfe7 38. a3 Rd8 39. Kg1 Kf7 40. Kh2 Ree8 41. Qc2
Ne7 42. Be4 Rg8 43. Qe2 Nd5 44. Red3 Nc7 1/2-1/2

[Event "World Cities Team GpF"]
[Site "Al-Ain UAE"]
[Date "2012.12.24"]
[Round "3.4"]
[White "Fang, Yuxiang"]
[Black "Smeets, Jan"]
[Result "1/2-1/2"]
[BlackTitle "GM"]
[WhiteElo "2103"]
[BlackElo "2614"]
[WhiteTeam "Wu Xi"]
[BlackTeam "Hoogeveen"]
[WhiteFideId "8605840"]
[BlackFideId "1007246"]
[EventDate "2012.12.22"]

1. d4 Nf6 2. Nf3 g6 3. c4 Bg7 4. Nc3 O-O 5. Bg5 h6 6. Bh4 c5 7. e3 d6 8. d5 a6
9. a4 e6 10. Bd3 exd5 11. cxd5 Bg4 12. h3 Bxf3 13. Qxf3 Nbd7 14. Qd1 Qa5 15. O-O
Qb4 16. Bxf6 Nxf6 17. Qc1 b6 18. Ra3 Nd7 19. Qc2 c4 20. Be2 Ra7 21. h4 h5 22. g3
Rc7 23. Kg2 Nf6 24. Rd1 Re8 25. Rd4 b5 26. axb5 axb5 27. Bf3 Nd7 28. Rd1 Nc5 29.
Be2 Rcc8 30. Ra7 Ra8 31. Rda1 Rxa7 32. Rxa7 Rb8 33. g4 Qb3 34. Qxb3 cxb3 35. Nd1
hxg4 36. Bxg4 Na4 37. h5 Bxb2 38. Nxb2 Nxb2 39. Ra3 b4 40. Rxb3 Na4 41. hxg6
fxg6 42. Bd1 Nc3 43. Bc2 g5 44. Kf3 Kg7 45. Kg4 Kf6 46. f4 gxf4 47. exf4 Ne2 48.
Rd3 Re8 49. Kf3 Ng1+ 50. Kg3 Re2 51. Bd1 Ra2 52. Re3 Ra3 53. Bb3 Kf5 54. Bc2+
Kf6 55. Bb3 Kf5 56. Bc2+ Kf6 57. Bb3 1/2-1/2

[Event "World Cities Team GpF"]
[Site "Al-Ain UAE"]
[Date "2012.12.24"]
[Round "3.5"]
[White "El Gindy, Essam"]
[Black "Ivanisevic, Ivan"]
[Result "0-1"]
[WhiteTitle "GM"]
[BlackTitle "GM"]
[WhiteElo "2486"]
[BlackElo "2633"]
[WhiteTeam "Cairo"]
[BlackTeam "Novi Sad"]
[WhiteFideId "10600140"]
[BlackFideId "912417"]
[EventDate "2012.12.22"]

1. d4 d6 2. e4 Nf6 3. f3 g6 4. Nc3 Bg7 5. Be3 O-O 6. Qd2 e5 7. dxe5 dxe5 8. Qxd8
Rxd8 9. Bc4 Nc6 10. a3 b6 11. Nge2 h6 12. Nd5 Na5 13. Nxf6+ Bxf6 14. Bd5 c6 15.
Ba2 Kg7 16. b4 Nb7 17. Kf2 Bh4+ 18. g3 Be7 19. h4 h5 20. Bb3 Nd6 21. a4 f5 22.
a5 b5 23. exf5 Bxf5 24. Rhd1 Rf8 25. Bg5 Bxg5 26. hxg5 Nf7 27. Bxf7 Rxf7 28. Ra3
Raf8 29. Kg2 Be6 30. Re3 Bd5 31. Rf1 Rf5 32. Nc3 Rxg5 33. Ne4 Rgf5 34. Nd6 R5f6
35. Ne4 R6f7 36. Nd2 Rf5 37. Rfe1 Kh6 38. R1e2 Re8 39. Ne4 Rd8 40. Rd3 g5 41.
Kg1 Rdf8 42. Nd2 Kg6 43. Ree3 g4 44. fxg4 hxg4 45. Re2 Rh8 46. Ne4 Rfh5 47. Nf2
Rh1+ 48. Nxh1 Rxh1+ 49. Kf2 Rh2+ 50. Ke3 Rxe2+ 51. Kxe2 Bc4 52. Ke3 Bxd3 53.
Kxd3 Kf5 54. Ke3 Ke6 55. Ke4 a6 56. c3 Kd6 57. Kf5 Kd5 58. Kxg4 Ke4 59. Kh5 Kd3 0-1

[Event "World Cities Team GpF"]
[Site "Al-Ain UAE"]
[Date "2012.12.24"]
[Round "3.6"]
[White "Markus, Robert"]
[Black "Shoker, Samy"]
[Result "1/2-1/2"]
[WhiteTitle "GM"]
[BlackTitle "IM"]
[WhiteElo "2619"]
[BlackElo "2490"]
[WhiteTeam "Novi Sad"]
[BlackTeam "Cairo"]
[WhiteFideId "921637"]
[BlackFideId "627143"]
[EventDate "2012.12.22"]

1. d4 Nf6 2. c4 c5 3. d5 b5 4. cxb5 a6 5. e3 axb5 6. Bxb5 Qa5+ 7. Nc3 Bb7 8. Bd2
Qb6 9. Nf3 Nxd5 10. Nxd5 Bxd5 11. a4 e6 12. O-O Be7 13. Qe2 Qb7 14. Bc3 O-O 15.
Nd2 Bc6 16. Nb3 f5 17. f3 d5 18. Na5 Bxb5 19. axb5 Qd7 20. Rfd1 Bd8 21. e4 fxe4
22. fxe4 Bb6 23. exd5 exd5 24. Kh1 Ra7 25. h3 Bc7 26. Re1 d4 27. Qc4+ Qf7 28.
Bd2 Bxa5 29. Qxf7+ Rfxf7 30. Rxa5 Rxa5 31. Re8+ Rf8 32. Rxf8+ Kxf8 33. Bxa5 Ke7
34. Kg1 Kd6 35. b3 Nd7 36. Kf2 c4 37. bxc4 Kc5 38. Bd8 Kxc4 39. b6 Nc5 40. Be7
Nb7 41. Bf8 g6 42. Bg7 Kc5 1/2-1/2

[Event "World Cities Team GpF"]
[Site "Al-Ain UAE"]
[Date "2012.12.24"]
[Round "3.7"]
[White "Ezat, Mohamed"]
[Black "Perunovic, Milos"]
[Result "0-1"]
[WhiteTitle "IM"]
[BlackTitle "GM"]
[WhiteElo "2450"]
[BlackElo "2614"]
[WhiteTeam "Cairo"]
[BlackTeam "Novi Sad"]
[WhiteFideId "10600906"]
[BlackFideId "921629"]
[EventDate "2012.12.22"]

1. d4 d5 2. c4 c6 3. Nc3 Nf6 4. cxd5 cxd5 5. Bf4 Nc6 6. e3 a6 7. Nf3 Bg4 8. h3
Bxf3 9. Qxf3 Qb6 10. Rb1 e6 11. Be2 Be7 12. Qg3 O-O 13. Bc7 Qa7 14. O-O b5 15.
a3 Rac8 16. Bf4 Na5 17. Be5 g6 18. f4 Rxc3 19. Bxf6 Rxe3 20. Qxe3 Bxf6 21. Kh1
Bxd4 22. Qg3 Bg7 23. b3 Nc6 24. Rfc1 Nd4 25. Bd3 a5 26. Qe3 b4 27. a4 Qe7 28. g3
Re8 29. Kg2 Qd6 30. Qf2 Qb6 31. Bb5 Rb8 32. Bd3 Qd6 33. Qe3 Rd8 34. Qf2 h6 35.
Qe3 Qe7 36. h4 Re8 37. Bb5 Nxb5 38. axb5 Bc3 39. Qb6 d4 40. Qc6 Rb8 41. h5 g5
42. f5 exf5 43. Rf1 Qe4+ 44. Kg1 d3 45. Qxh6 Bd4+ 46. Kh2 Qe2+ 47. Kh1 Qg4 48.
Kg2 Rb6 0-1

[Event "World Cities Team KO"]
[Site "Al-Ain UAE"]
[Date "2012.12.25"]
[Round "1.6"]
[White "Sokolov, Ivan"]
[Black "Ehlvest, Jaan"]
[Result "1/2-1/2"]
[WhiteTitle "GM"]
[BlackTitle "GM"]
[WhiteElo "2667"]
[BlackElo "2603"]
[WhiteTeam "Hoogeveen"]
[BlackTeam "Chicago"]
[WhiteFideId "14400030"]
[BlackFideId "4500016"]
[EventDate "2012.12.22"]

1. d4 d5 2. c4 e6 3. Nc3 Be7 4. Bf4 Nf6 5. Qc2 O-O 6. e3 c5 7. dxc5 Na6 8. Nf3
Nxc5 9. Be2 dxc4 10. Bxc4 a6 11. Rd1 Qe8 12. b4 Ncd7 13. Qb1 b5 14. Bd3 Bb7 15.
O-O Rc8 16. Rc1 h6 17. e4 Nh5 18. Be3 Bd6 19. a4 bxa4 20. Nxa4 Qe7 21. b5 Rb8
22. b6 f5 23. Nb2 Nxb6 24. Bxb6 fxe4 25. Bxe4 Rxf3 26. g3 Rb3 27. Bd4 e5 28. Bc3
Nf6 29. Bd3 Bd5 30. Qc2 Ba3 31. Rb1 Rc8 32. Na4 Rcb8 33. Qe2 Rxb1 34. Bxb1 Bd6
35. Rd1 Kh8 36. Qxa6 Qe6 37. Bc2 Qh3 38. Rxd5 Ng4 39. Rd2 Qxh2+ 40. Kf1 Rf8 41.
Ke1 Rxf2 42. Qa8+ Bf8 43. Qxf8+ Rxf8 44. Rxh2 Nxh2 45. Nc5 Nf3+ 46. Ke2 Ng1+ 47.
Ke1 Nf3+ 48. Ke2 Ng1+ 1/2-1/2

[Event "World Cities Team KO"]
[Site "Al-Ain UAE"]
[Date "2012.12.25"]
[Round "1.7"]
[White "Hungaski, Robert Andrew"]
[Black "Tiviakov, Sergei"]
[Result "1/2-1/2"]
[WhiteTitle "IM"]
[BlackTitle "GM"]
[WhiteElo "2469"]
[BlackElo "2663"]
[WhiteTeam "Chicago"]
[BlackTeam "Hoogeveen"]
[WhiteFideId "2021030"]
[BlackFideId "1008013"]
[EventDate "2012.12.22"]

1. c4 e5 2. g3 Nf6 3. Bg2 d5 4. cxd5 Nxd5 5. Nc3 Nb6 6. Nf3 Nc6 7. O-O Be6 8. d3
Be7 9. a3 O-O 10. b4 f6 11. Rb1 Nd5 12. Qc2 Nxc3 13. Qxc3 a6 14. Be3 Rf7 15.
Rfc1 Bf8 16. Nd2 Bd5 17. Bxd5 Qxd5 18. Qc4 Qxc4 19. Rxc4 Nd8 20. Nb3 Ne6 21. Na5
c6 22. Rcc1 Rd8 23. Kg2 Rd5 24. Nc4 Be7 25. a4 Bd8 26. Rc2 Bc7 27. Rcb2 g6 28.
b5 axb5 29. axb5 Rxb5 30. Rxb5 cxb5 31. Rxb5 Nd8 32. g4 Re7 33. h3 Re6 34. Bd2
Rc6 35. f3 g5 36. h4 gxh4 37. Kh3 Kg7 38. Kxh4 Kg6 39. Be3 Re6 40. Rb2 Ra6 41.
Nd2 Bd6 42. Ne4 Be7 43. Kh3 h5 44. Ng3 hxg4+ 45. fxg4 Ba3 46. Rb5 Bf8 47. Kg2
Ra4 48. Kf3 Rb4 49. Rd5 Nf7 50. Ne4 Bh6 51. Bxh6 Kxh6 52. e3 Kg6 53. Rd7 Ng5+
54. Nxg5 Kxg5 55. Rg7+ Kh6 56. Rg8 Kh7 57. Rb8 Kg6 58. d4 exd4 59. exd4 Rxd4 60.
Rxb7 1/2-1/2

[Event "World Cities Team KO"]
[Site "Al-Ain UAE"]
[Date "2012.12.25"]
[Round "1.10"]
[White "Ji, Dan"]
[Black "Kryvoruchko, Yuriy"]
[Result "1-0"]
[BlackTitle "GM"]
[WhiteElo "2341"]
[BlackElo "2671"]
[WhiteTeam "Wu Xi"]
[BlackTeam "Lviv"]
[WhiteFideId "8601887"]
[BlackFideId "14109182"]
[EventDate "2012.12.22"]

1. e4 c5 2. Nf3 Nc6 3. d4 cxd4 4. Nxd4 e6 5. Nb5 d6 6. c4 Nf6 7. N1c3 a6 8. Na3
Be7 9. Be3 O-O 10. Be2 b6 11. Rc1 Ne5 12. Qb3 Ned7 13. O-O Bb7 14. f3 Qc7 15.
Rfd1 Rac8 16. Bf1 Qb8 17. Kh1 Bd8 18. Bg1 Bc7 19. Qc2 Rfe8 20. Qf2 Ne5 21. Nc2
Kh8 22. Ne3 Rg8 23. b4 g5 24. Qb2 Rg6 25. c5 dxc5 26. bxc5 b5 27. Ncd5 exd5 28.
exd5 Re8 29. d6 Bd8 30. Re1 Ba5 31. Red1 Bc6 32. Nf5 Bd8 33. Nd4 Qc8 34. Re1
Nfd7 35. Nxc6 Qxc6 36. Bd3 Bf6 37. Be4 Qc8 38. Qb3 Kg7 39. Qd5 Rh6 40. Bf5 Rh4
41. c6 Nb6 42. Qxe5 Rxe5 43. Bxc8 Rxe1 44. Rxe1 Nxc8 45. d7 Nd6 46. c7 Nf5 47.
Bf2 1-0

[Event "World Cities Team KO"]
[Site "Al-Ain UAE"]
[Date "2012.12.25"]
[Round "1.12"]
[White "Fang, Yuxiang"]
[Black "Kravtsiv, Martyn"]
[Result "0-1"]
[BlackTitle "GM"]
[WhiteElo "2103"]
[BlackElo "2593"]
[WhiteTeam "Wu Xi"]
[BlackTeam "Lviv"]
[WhiteFideId "8605840"]
[BlackFideId "14113147"]
[EventDate "2012.12.22"]

1. d4 Nf6 2. Nf3 e6 3. c4 d5 4. Nc3 Be7 5. cxd5 exd5 6. Bg5 Nbd7 7. e3 O-O 8.
Bd3 Re8 9. O-O c6 10. Qc2 Nf8 11. Rab1 a5 12. a3 Ng6 13. b4 axb4 14. axb4 Ne4
15. Bxe7 Qxe7 16. b5 Nxc3 17. Qxc3 Bg4 18. Bxg6 Bxf3 19. Bd3 Qg5 20. g3 Re6 21.
Rfe1 Qh5 22. Bf1 Rh6 23. h4 g5 24. Bg2 gxh4 25. e4 Bxe4 26. Bxe4 dxe4 27. Kg2
hxg3 28. Rh1 Qf5 29. Qe3 Rg6 30. fxg3 Ra2+ 31. Kg1 Qg4 32. bxc6 bxc6 33. Rb8+
Kg7 34. Rb1 Qxg3+ 35. Qxg3 Rxg3+ 36. Kf1 e3 37. Rc1 h5 0-1

[Event "World Cities Team KO"]
[Site "Al-Ain UAE"]
[Date "2012.12.25"]
[Round "1.14"]
[White "Lysyj, Igor"]
[Black "Rahman, Ziaur"]
[Result "1-0"]
[WhiteTitle "GM"]
[BlackTitle "GM"]
[WhiteElo "2617"]
[BlackElo "2518"]
[WhiteTeam "Saratov"]
[BlackTeam "Dhaka"]
[WhiteFideId "4150120"]
[BlackFideId "10200037"]
[EventDate "2012.12.22"]

1. d4 e6 2. c4 d5 3. Nf3 c6 4. Nbd2 Nf6 5. e3 c5 6. cxd5 exd5 7. b3 Bd6 8. Bb2
cxd4 9. Nxd4 O-O 10. Bd3 Nc6 11. Nxc6 bxc6 12. Qc2 Bd7 13. O-O h6 14. Rfe1 Re8
15. e4 Ng4 16. Nf3 Qc7 17. g3 Ne5 18. Bxe5 Bxe5 19. Rac1 dxe4 20. Bxe4 Rac8 21.
Bh7+ Kh8 22. Bf5 Bxf5 23. Qxf5 Bf6 24. h4 Kg8 25. Kg2 Rxe1 26. Rxe1 Rd8 27. Rc1
Rd6 28. h5 Qd8 29. Qe4 Re6 30. Qa4 Qb6 31. Rc2 a6 32. Qg4 c5 33. Qf5 Be7 34. Qd5
Bf8 35. Ne5 Qc7 36. Nc4 Qe7 37. Rd2 Qf6 38. Qf3 Qg5 39. Rd5 Qe7 40. Ne3 Rf6 41.
Rf5 Rxf5 42. Qxf5 Qd8 43. Qd5 Qe8 44. Nc4 Be7 45. Kf3 Qc8 46. g4 Bg5 47. Ne5 Qc7
48. Ke4 Bf6 49. Nd7 Be7 50. Kd3 a5 51. f3 Qa7 52. Qc6 a4 53. bxa4 Qa5 54. a3 c4+
55. Kxc4 Bxa3 56. Kd3 Be7 57. f4 Qd8 58. Qd5 Bb4 59. Kc4 Ba5 60. Ne5 Qc7+ 61.
Qc5 g6 62. Qxc7 Bxc7 63. hxg6 fxg6 64. Nxg6 Kf7 65. Ne5+ Ke6 66. Nd3 1-0

[Event "World Cities Team KO"]
[Site "Al-Ain UAE"]
[Date "2012.12.25"]
[Round "1.15"]
[White "Minhazuddin, Ahmed"]
[Black "Romanov, Evgeny"]
[Result "0-1"]
[WhiteTitle "IM"]
[BlackTitle "GM"]
[WhiteElo "2401"]
[BlackElo "2616"]
[WhiteTeam "Dhaka"]
[BlackTeam "Saratov"]
[WhiteFideId "10201955"]
[BlackFideId "4148843"]
[EventDate "2012.12.22"]

1. e4 e5 2. Nf3 Nc6 3. d4 exd4 4. Nxd4 Bc5 5. Be3 Qf6 6. c3 Nge7 7. Bc4 O-O 8.
O-O Qg6 9. Nd2 Bxd4 10. cxd4 d5 11. exd5 Nb4 12. d6 Qxd6 13. a3 Nbd5 14. Ne4 Qc6
15. Bd3 Bf5 16. Qc2 Qxc2 17. Bxc2 Bg6 18. Bg5 Rfe8 19. Rad1 h6 20. Bc1 Nc6 21.
f3 Rad8 22. Rfe1 f5 23. Nc3 Rxe1+ 24. Rxe1 Nxd4 25. Bb1 Nxc3 26. bxc3 Ne2+ 27.
Rxe2 Rd1+ 28. Kf2 Rxc1 29. Bc2 Kf7 30. Bb3+ Kf8 31. Bc2 Be8 32. Bxf5 Rxc3 33.
Rc2 Rxc2+ 34. Bxc2 b5 35. Ke3 c5 36. f4 a5 37. g4 b4 38. a4 Bf7 39. h4 c4 40.
Kd4 c3 41. Bd1 Ba2 0-1

[Event "World Cities Team KO"]
[Site "Al-Ain UAE"]
[Date "2012.12.25"]
[Round "1.16"]
[White "Shaposhnikov, Evgeny"]
[Black "Chatterjee, Debaraj"]
[Result "1-0"]
[WhiteTitle "GM"]
[BlackTitle "FM"]
[WhiteElo "2544"]
[BlackElo "2307"]
[WhiteTeam "Saratov"]
[BlackTeam "Dhaka"]
[WhiteFideId "4122232"]
[BlackFideId "10201130"]
[EventDate "2012.12.22"]

1. e4 d5 2. exd5 Qxd5 3. Nc3 Qa5 4. d4 Nf6 5. Nf3 c6 6. Bc4 Bf5 7. Bd2 e6 8. Nd5
Qd8 9. Nxf6+ gxf6 10. Bb3 Nd7 11. Qe2 Qc7 12. O-O-O O-O-O 13. Nh4 Bg6 14. g3 Kb8
15. Bf4 Bd6 16. Bxd6 Qxd6 17. Rhe1 Qc7 18. Ng2 c5 19. d5 Nb6 20. Ne3 e5 21. c3
f5 22. Bc2 e4 23. f4 h5 24. h4 Rd6 25. c4 f6 26. Qd2 Rg8 27. Rg1 Nc8 28. Qc3 Rf8
29. Rd2 Ne7 30. Bd1 Ka8 31. Be2 Kb8 32. Rc2 Ka8 33. Rd1 Kb8 34. Qe1 Ka8 35. Rdd2
Qa5 36. Rc3 Qc7 37. Ra3 Kb8 38. Qf2 Nc8 39. Nd1 Rdd8 40. Nc3 Nd6 41. Qe3 Be8 42.
Rc2 b6 43. Qf2 Rc8 44. Nd1 Rg8 45. Qe1 Qb7 46. Qc3 Rf8 47. Ne3 Kc7 48. Kb1 Kd8
49. Qe1 Rg8 50. Bf1 Bg6 51. Rg2 Rc7 52. Be2 Kc8 53. Qc3 Rf8 54. Qc1 Rg8 55. Bd1
Be8 56. Qc3 Rf8 57. Be2 Kb8 58. Qe1 Rg8 59. Rc3 Qc8 60. Rc1 Ka8 61. Qc3 Rf8 62.
Kc2 Kb8 63. Kd2 Qb7 64. Ke1 Kc8 65. Kf2 Kd8 66. Rgg1 Ke7 67. Qc2 Kd8 68. Qd1 Rh8
69. Qc2 Rf8 70. a3 Bg6 71. b4 Ke7 72. Qb2 Kf7 73. Rc3 Qc8 74. Rgc1 Kg7 75. Bd1
Be8 76. Bb3 Kh6 77. Qc2 Rg8 78. Ba4 Bxa4 79. Qxa4 Rgg7 80. Qc2 Qg8 81. Rg1 Qc8
82. Qe2 Qd7 83. b5 Rc8 84. a4 a5 85. bxa6 Ra8 86. Rb3 Rxa6 87. Qb2 Qd8 88. Rb1
Rb7 89. a5 Rxa5 90. Rxb6 Rxb6 91. Qxb6 Ra2+ 92. Kf1 Qxb6 93. Rxb6 Ne8 94. Re6
Ra8 95. d6 Kg6 96. d7 Ng7 97. Re7 1-0